Disposiciones reglamentarias aplicables a la Bolsa Oficial de Comercio de Barcelona
Descripción Física:
101 p. ; 17 cm
MARC
| LEADER | 00000nam a2200000Ia 4500 | ||
|---|---|---|---|
| 001 | 15845 | ||
| 008 | 160829s9999 xx 000 0 cat d | ||
| 080 | |a D-1-173 | ||
| 100 | |a Catalunya. Lleis, etc. |9 35754 | ||
| 245 | |a Disposiciones reglamentarias aplicables a la Bolsa Oficial de Comercio de Barcelona | ||
| 260 | |a Barcelona : |b (Imprenta Elzeviriana y Librería Camí), [1921?] | ||
| 300 | |a 101 p. ; |c 17 cm | ||
| 590 | |a Prové de MA-777, exp. 2 | ||
| 650 | |a Borsa de valors |x Dret |x Barcelona |9 46768 | ||
| 650 | |a Borsa de Barcelona |x Dret i legislació |9 46769 | ||
| 901 | |a Arxiu | ||
| 942 | |n 1 | ||
| 952 | |0 0 |1 0 |4 0 |6 D1173 |7 1 |9 53437 |a Arxiu |b Arxiu |d 2016-12-01 |l 0 |o D-1-173 |p 15845 |r 2016-12-01 00:00:00 |w 2016-12-01 |y ARXIU | ||
| 999 | |c 57303 |d 57303 | ||